How to climb a tree/ (Record no. 6541)
[ view plain ]
| 000 -LEADER | |
|---|---|
| fixed length control field | 00616nam a2200169Ia 4500 |
| 001 - CONTROL NUMBER | |
| control field | 6541 |
| 008 - FIXED-LENGTH DATA ELEMENTS--GENERAL INFORMATION | |
| fixed length control field | 260430s9999 xx 000 0 und d |
| 245 #0 - TITLE STATEMENT | |
| Title | How to climb a tree/ |
| Statement of responsibility, etc. | Aparna Nori |
| 260 ## - PUBLICATION, DISTRIBUTION, ETC. | |
| Place of publication, distribution, etc. | India; |
| Name of publisher, distributor, etc. | Editions JoJo; |
| Date of publication, distribution, etc. | 2024 |
| 300 ## - PHYSICAL DESCRIPTION | |
| Extent | 78p; |
| Dimensions | 23x17cm |
| 520 ## - SUMMARY, ETC. | |
| Summary, etc. | Aparna's deeply lyrical photobook is a personal, intuitive image series that episodically documents a timespan when her 10-year-old son was living in a boarding school in Madanapalle, India. |
| 546 ## - LANGUAGE NOTE | |
| Language note | English |
| 650 ## - SUBJECT ADDED ENTRY--TOPICAL TERM | |
| Topical term or geographic name entry element | TR624-835 Technology- Applied Photography |
| 651 ## - SUBJECT ADDED ENTRY--GEOGRAPHIC NAME | |
| Geographic name | India |
| 655 ## - INDEX TERM--GENRE/FORM | |
| Genre/form data or focus term | Photobook |
| 9 (RLIN) | 9375 |
| 942 ## - ADDED ENTRY ELEMENTS (KOHA) | |
| Koha item type | Book |
| Withdrawn status | Lost status | Damaged status | Not for loan | Collection | Home library | Current library | Date acquired | Total Checkouts | Full call number | Barcode | Date last seen | Price effective from | Koha item type |
|---|---|---|---|---|---|---|---|---|---|---|---|---|---|
| Technology- Photography, Cinematography, Electronic Media | SAF Reference Library | Photography Gallery | 04/27/2026 | TR624-835 94.255 | 6541 | 04/30/2026 | 04/30/2026 | Book |